| 000 | 00836nam a2200253 a 4500 | ||
|---|---|---|---|
| 001 | 000044754 | ||
| 005 | 20240412074303.0 | ||
| 008 | 150109s2012 dr r 000 p spa d | ||
| 020 | _a9789584606228 | ||
| 040 |
_aDO-SdBNP _bspa _cBNPHU |
||
| 082 |
_aRD861.44 _bB333s |
||
| 100 | 1 |
_aBatista, León Félix, _d1964- _912031 |
|
| 245 | 1 | 0 |
_aSin textos no hay paradiso / _cLeón Félix Batista; compilador, Carlos Reyes. |
| 260 |
_aBogotá : _bGamar editores, _c2012. |
||
| 300 |
_a77 p. ; _c21 cm. |
||
| 490 | 1 | _aPoesía | |
| 500 | _aIncluye datos biografícos del autor en la solapa de la cubierta | ||
| 590 | _aInventariado, 2018/BT | ||
| 650 | 0 |
_aPoesía dominicana _966 |
|
| 650 | 0 |
_aLiteratura dominicana. _967 |
|
| 700 | 1 | 2 |
_aReyes, Carlos, _ecomp. _910782 |
| 830 | 0 |
_aPoesía _91183 |
|
| 910 | _aValidado. Control de calidad MFF | ||
| 999 |
_c44243 _d44243 |
||